Ateez members - Statistics

General Stats
  • This quiz has been taken 494 times
  • The average score is 8 of 8
Answer Stats
Hint Answer % Correct
mountain san
99%
the main rapper mingi
98%
the youngest jongho
95%
the oldest member seonghwa
95%
the biggest flirt wooyoung
95%
the leader hongjoong
94%
the main dancer yunho
94%
the other visual yeosang
93%
No matching quizzes found
Score Distribution
Percent of People with Each Score
Percentile by Number Answered
Your Score History
You have not taken this quiz